The new schoolmaster / (Record no. 50187)
[ view plain ]
| 000 -LEADER | |
|---|---|
| fixed length control field | 00546nam a2200205 a 4500 |
| 001 - CONTROL NUMBER | |
| control field | 50187 |
| 003 - CONTROL NUMBER IDENTIFIER | |
| rucl marc code | BD-RjUL |
| 005 - DATE AND TIME OF LATEST TRANSACTION | |
| control field | 20211209075454.0 |
| 008 - FIXED-LENGTH DATA ELEMENTS--GENERAL INFORMATION | |
| fixed length control field | 16824 s1913 enk 000 0 |
| 035 ## - SYSTEM CONTROL NUMBER | |
| System control number | (BD-RjUL)50307 |
| 040 ## - CATALOGING SOURCE | |
| Original cataloging agency | BD-RjUL |
| Language of cataloging | eng |
| Transcribing agency | BD-RjUL |
| Modifying agency | BD-RjUL |
| 041 ## - LANGUAGE CODE | |
| Language code of text/sound track or separate title | eng |
| 082 ## - DEWEY DECIMAL CLASSIFICATION NUMBER | |
| Edition number | 23 |
| Classification number | 371.1 |
| Author mark and year | FON 1913 |
| 100 0# - MAIN ENTRY--PERSONAL NAME | |
| Personal name | Fourth form |
| 9 (RLIN) | 150434 |
| 245 14 - TITLE STATEMENT | |
| Title | The new schoolmaster / |
| Statement of responsibility, etc. | by Fourth form |
| 260 ## - PUBLICATION, DISTRIBUTION, ETC. (IMPRINT) | |
| Place of publication, distribution, etc. | London : |
| Name of publisher, distributor, etc. | Smith, elder & co., |
| Date of publication, distribution, etc. | 1913 |
| 300 ## - PHYSICAL DESCRIPTION | |
| Pagination | xv, 296 p. ; |
| Size | 21 cm. |
| 650 ## - SUBJECT ADDED ENTRY--TOPICAL TERM | |
| Topical term or geographic name as entry element | Teachers |
| 9 (RLIN) | 150435 |
| 942 ## - ADDED ENTRY ELEMENTS (KOHA) | |
| Source of classification or shelving scheme | Dewey Decimal Classification |
| Koha item type | Books |
| Lost status | Source of classification or shelving scheme | Damaged status | Not for loan | Collection code | Permanent Location | Current Location | Shelving location | Date acquired | Source of acquisition | Cost, normal purchase price | Total Checkouts | Full call number | Date last seen | Copy number | Koha item type |
|---|---|---|---|---|---|---|---|---|---|---|---|---|---|---|---|
| Dewey Decimal Classification | Non-fiction | Central Library, University of Rajshahi | Central Library, University of Rajshahi | 06/02/1958 | Oxfoard University Press, | 4.00 | 371.1 FON 1913 | 24/08/2016 | C-2 | Books |